Genel Kurmay Başkanlığı komuta devir-teslim töreni (Record no. 4752)

MARC details
000 -BAŞLIK
Sabit Uzunlukta Kontrol Alanı 01064na a2200289 4500
001 - KONTROL NUMARASI
Denetim Alanı 18152
003 - KONTROL NUMARASI IDENTIFIER
Denetim Alanı MIRAKIL
005 - SON İŞLEM TARİHİ VE ZAMANI
Denetim Alanı 20181213155016.0
008 - SABİT-BOY VERİ ELEMANLARI - GENEL BİLGİLER
Sabit Uzunlukta Kontrol Alanı 161114b tu 000 0
035 ## - SİSTEM KONTROL NUMARASI
Sistem Kontrol Numarası 18152
040 ## - KATALOGLAMA KAYNAK
Orijinal Kataloglama Ajansı Milas
Kataloglama Dili tur
Metne Dönüştürmek Ajansı TR-AnCHP
041 ## - DİL KODU
Metin / Ses Parça Veya Ayrı Başlığın Dil Kodu tur
082 ## - DEWEY ONLU SINIFLANDIRMA NUMARASI
Sınıflandırma Numarası 353.62
Ürün Numarası G35 2006
090 ## - SINIFLAMA NUMARASI
Sınıflama Numarası 353.62 G35 2006
110 ## - ANA GİRİŞ - KURUMSAL ADI
Giriş Elemanı Olarak Kurumsal Ad Veya Yargı Alanı Adı Genel Kurmay Başkanlığı
245 ## - BAŞLIK TABLOSU
Başlık Genel Kurmay Başkanlığı komuta devir-teslim töreni
Başlığın Kalan 28 Ağustos 2006
Sorumluluk Tablosu, Vb Genel Kurmay Başkanlığı
260 ## - YAYIN, DAĞITIM, VB
Yayın, Dağıtım, Vb Yeri Ankara
Yayıncı, Dağıtıcı, Vs Adı Genel Kurmay Başkanlığı
Yayın, Dağıtım, Vb Tarihi 2006
300 ## - FİZİKSEL TANIM
Kapsam 2 c.
Diğer Fiziksel Ayrıntıları fotğ.
Boyutlar 23 sm.
500 ## - GENEL NOT
Genel Not İki yapıt tek dosya halindedir.
505 ## - BİÇİMLENDİRİLDİ İÇİNDEKİLER NOT
Biçimlendirilmiş İçeriği Dikkat 1. kitap: Orgeneral Hilmi Özkök (Topçu 1959-1); 2. kitap: Orgeneral M. Yaşar Büyükanıt (P. 1961-2)
600 ## - KONU KATMA GİRİŞ - KURUMSAL ADI
Kişisel Ad Özkök, Hilmi
Bir Adıyla İlişkilendirilen Tarihler 1959-
Genel Alt Bölümü Devir teslim
600 ## - KONU KATMA GİRİŞ - KURUMSAL ADI
Kişisel Ad Büyükanıt, M. Yaşar
Bir Adıyla İlişkilendirilen Tarihler 1961-
Genel Alt Bölümü Devir teslim
610 ## - KONU KATMA GİRİŞ - TOPLANTI ADI
Giriş Elemanı Olarak Kurumsal Ad Veya Yargı Alanı Adı Genel Kurmay Başkanlığı
Genel Alt Bölüm Devir teslim
Kronolojik Alt Bölüm Törenler
650 ## - KONU KATMA GİRİŞ - TOPİKAL DÖNEM
Topikal Süreli Veya Coğrafi Ad Giriş Elemanı Milli savunma
Genel Alt Bölümü Başkanlık sistemi
Kronolojik Alt Bölümü Törenler
710 ## - KATMA GİRİŞ - KURUMSAL ADI
Giriş Elemanı Olarak Kurumsal Ad Veya Yargı Alanı Adı Genel Kurmay Başkanlığı
942 ## - EKLENDİ GİRİŞ ELEMANLARI (KOHA)
Sınıflandırma Veya Raf Düzeni Kaynak Dewey Decimal Classification
Koha Öğesi Türü Books
999 ## - SİSTEM KONTROL NUMARALARI (KOHA)
Koha Biblionumber 4752
Koha Biblioitemnumber 4752
Holdings
Kalıcı Konum Mevcut Konum Edinme Tarihi Edinim Kaynak Toplam Check-Out'Lar Tam Çağrı Numarası Barkod Tarih Son Görülme İtibaren Geçerli Fiyatlar Koha Öğesi Türü
CHP Kütüphanesi CHP Kütüphanesi 11/14/2016 Bağış   353.62 G35 2006 008623 11/14/2016 11/14/2016 Books